MARC

LEADER 00000nam2a2200000 4500
001 272528
005 20231101234537.0
035 |a (RuTPU)RU\TPU\book\295735 
035 |a RU\TPU\book\293918 
090 |a 272528 
100 |a 20141020d1971 k y0rusy50 ca 
101 0 |a rus 
102 |a RU 
105 |a a z 001zy 
200 0 |a Вып. 2 
210 |d 1971 
215 |a 266 с.  |c ил. 
320 |a Библиография в конце статей 
461 1 |0 (RuTPU)RU\TPU\book\295588  |t Упругость и неупругость  |o сборник трудов  |f под ред. П. М. Огибалова  |v Вып. 2  |d 1971-1973 
606 1 |a Упругость, теория  |2 stltpush  |3 (RuTPU)RU\TPU\subj\63144  |9 80188 
610 1 |a исследования 
610 1 |a уравнения 
610 1 |a решение 
610 1 |a упругие системы 
610 1 |a поперечные колебания 
610 1 |a пластичность 
610 1 |a механика 
610 1 |a нелинейные задачи 
610 1 |a упруго-пластические тела 
610 1 |a вязко-упругость 
610 1 |a стеклопластики 
610 1 |a композиционные материалы 
610 1 |a физическая механика 
610 1 |a усталостная прочность 
675 |a 539.3  |v 3 
801 1 |a RU  |b 63413507  |c 20100310 
801 2 |a RU  |b 63413507  |c 20150311  |g RCR 
942 |c BK